Build a Mosaic of the Netherlands Quiz Stats

 Plays Quiz not verified by Sporcle

Challenge
Share
Tweet
Score 0/15 Timer 05:00
0 Plays Today
% Correct
Belgium
92.4%
Tulips
90.9%
Vincent van Gogh
89.2%
Bicycle
89%
The Hague
84.9%
Rotterdam
84.8%
Rhine
80.4%
2001
73.2%
% Correct
Australia
66.3%
1988
64.7%
Queen Beatrix
63.3%
Gin
62.6%
Suriname
62.2%
M. C. Escher
45.6%
Paul Verhoeven
36.4%

You're not logged in!

Compare scores with friends on all Sporcle quizzes.
OR
Log In

You Might Also Like...

Show Comments

Extras

Top Quizzes Today


Score Distribution

Your Account Isn't Verified!

In order to create a playlist on Sporcle, you need to verify the email address you used during registration. Go to your Sporcle Settings to finish the process.

Report this User

Report this user for behavior that violates our Community Guidelines.

Details: